000 00833nam a2200253 i 4500
001 105587
003 ES-MaACL
007 t|
008 060726s1963 it ||||1| ita d
080 _a929 Tresso, Pietro
080 _a32(45)"1914/1945"
080 _a329(45) PCI
100 1 _aAzzaroni, Alfredo.
_924387
245 1 0 _aBlasco
_b: la riabilitazione di un militante rivoluzionario /
_cAlfredo Azzaroni ; introduzione di Ignazio Silone.
250 _a2ª ed.
260 _aMilano :
_bEdizioni Azione Comune,
_c1963.
300 _a99 p. ;
_c21 cm.
500 _aBiblioteca Juan Andrade.
600 1 4 _aTresso, Pietro.
_9111331
610 2 7 _aPartito comunista italiano.
_96163
651 4 _aItalia-
_xPolítica y gobierno-
_z1914-1945.
_98875
700 1 _aSilone, Ignazio.
_9106355
852 _aES-MaACL
_jAND-402
_bR.109706
999 _c105587
_d105587